Stazioni della linea ferroviaria Ferrara - Rimini - Statistics

Statistiche generali
  • Questo quiz è stato fatto 39 volte
  • Il punteggio medio è 9 su 22
Statistiche sulle risposte
Progressiva chilometrica (km/m) Risposta % Corretto
0 + 000 Ferrara
100%
122 + 460 Rimini
97%
93 + 810 Cervia - Milano Marittima
81%
72 + 620 Ravenna
78%
101 + 229 Cesenatico
66%
109 + 168 Bellaria
50%
111 + 840 Igea Marina
41%
115 + 220 Rimini Torre Pedrera
41%
118 + 248 Rimini Viserba
41%
33 + 118 Argenta
38%
105 + 904 Gatteo a Mare
38%
86 + 201 Lido di Classe - Lido di Savio
38%
54 + 878 Alfonsine
28%
77 + 345 Classe
28%
40 + 624 Lavezzola
28%
23 + 413 Portomaggiore
28%
9 + 793 Gaibanella
19%
16 + 986 Montesanto
19%
36 + 475 San Biagio
19%
45 + 943 Voltana
19%
59 + 136 Glorie
16%
62 + 030 Mezzano
16%
Nessun quiz corrispondente trovato
Distribuzione punteggi
Percentuale di utenti per punteggio
Percentile per numero di risposta
I tuoi punteggi nel tempo
Non hai fatto questo quiz